000 00639nam a2200229 i 4500
001 55477
003 ES-MaACL
005 20230906163144.0
007 t|
008 030922s1983 fr |||| | fre d
020 _a2-7186-0243-0
100 1 _aDerrida, Jacques.
_943797
245 1 0 _aD'un ton apocalyptique adopté naguère en philosophie /
_cJacques Derrida.
260 _aParis :
_bGalilée,
_c[1983]
300 _a98 p., 4 h. de lám. ;
_c19 cm.
490 1 _aDebats
650 0 4 _aFilosofía-
_yS.XX.
_912826
650 0 4 _aMesianismo.
_9164948
830 0 _aDebats
_9179595
852 _aES-MaACL
_jL-11354
999 _c55477
_d55477